02071nam a22003255i 4500001000700000003000900007005001700016008004100033040002000074080001700094080001800111100006000129245011000189260007500299300004100374490011400415530003500529596026500564597023800829599012601067650004901193650004201242655003601284830010701320852004301427856011301470942001901583999001901602952012401621155330ES-MaACL20250808063534.0970623m18421852sp c |||| | spa d aCYL bspa cCYL a016:61(460)  a61(460)(091) 1 aHernández Morejón, Antonio,d1773-1836eaut912790110aHistoria bibliográfica de la medicina española / cobra póstuma de D. Antonio Hernández Morejón aMadrid : b[s.n.], c1842-1852f(Imp. de la Viuda de Jordán e Hijos) a7 volúmenes : bretratos ; c20 cm1 aBiblioteca escogida de medicina y cirugía o Colección de las mejores obras de esta cienciav17-239241606 aDisponible en formato digital  1aVol. VI editado por: Imp. a cargo de Celestino G. ÁlvarezaVol. VII editado por: Imp. a cargo de José RodríguezaEn todos los volúmenes ha sido recortado el nombre del impresor y en el v. I se ha reintegrado un pie de imp. que no corresponde a la obra  1aVol. I (399 páginas, [1] hoja de lámina) - v. II (381 páginas) - v. III (426 páginas, [1] hoja de lámina) - v. IV (382 páginas, [1] hoja de lámina) - v. V (388 páginas) - v. VI (484 páginas) - v. VII (438 páginas) 1aLáminas: grabados litográficos "Lit. de J. Aragón. Leopoldo López lo lit.", retratos del autor, Vallés y Laguna 4aMedicina-zEspaña-vBibliografías914902 4aMedicina-zEspaña-vHistoria914903 7aBibliografías2tgfbne9226825 0aBiblioteca escogida de medicina y cirugía o Colección de las mejores obras de esta ciencia9241606 aES-MaACLcSPP3jG-15282-88 xHolandesa4 uhttps://bdh-rd.bne.es/viewer.vm?id=0000140939&page=1yVersión en líneaz(Biblioteca Digital Hispánica) 2udccMONANTn0 c155330d155330 001040708LIBXIXaATENEOMbATENEOMcSPP3d2008-01-17l0oG-15282-88p1162482r2023-02-23 00:00:00w2023-02-23yMONANT